000 00366nam a2200145Ia 4500
005 20251222152009.0
008 251222s9999||||xx |||||||||||||| ||spa||
020 _a9786124113871
082 _a336.04/B26
100 _aBasallo Ramos, Carlos
245 0 _aCódigo Tributario para contadores:
250 _a1ra ed.
264 _bContadores & Empresas
942 _cLIB
999 _c24835
_d24835